000 00606nam a2200217Ii 4500
003 JO-AjNU
008 230605s9999||||xx |||||||||||||| ||und||
017 _a1994/2/155
040 _aJO-AjNU
_bara
_erda
_cJO-AjNU
041 _aara
050 1 4 _aBP144.H3 1994
100 3 _aالحامد، محمد,
_eauthor
_916166
245 0 0 _aمجموعة رسائل
250 _aط3
264 3 1 _aد.م: المؤلف، 1994
300 _a207ص
336 _atext
_btxt
_2rdacontent
337 _aunmediated
_bn
_2rdamedia
338 _avolume
_bnc
_2rdacarrier
650 4 _aالاسلام- متفرقات
_916167
999 _aA4731
_c8299
_d8299